| 000 | 00493nam a2200169 a 4500 | ||
|---|---|---|---|
| 001 | 3221 | ||
| 003 | CDMR | ||
| 005 | 20131003130013.0 | ||
| 008 | 130130s1980||||||||||||||||||||||||||||d | ||
| 020 | _a8430908536 | ||
| 040 |
_aCDMR _bcat _cCDMR |
||
| 100 | 1 |
_aAguilera Gamoneda, Joaquim de _9591 |
|
| 245 | 1 | 0 |
_aPrincipios de historia de los medios audiovisuales _cJoaquĆn de Aguilera Gamoneda |
| 260 |
_aMadrid _c1980 _bTecnos |
||
| 490 | 0 | _aCiencias de la comunicación (Tecnos) | |
| 942 |
_cMON _2udc |
||
| 999 |
_c3221 _d3221 |
||